Odpowiesz na te pytania 2# - Statystyki

Ogólne statystyki
  • Ten quiz został rozwiązany 30 razy
  • Średni wynik to 6 z 15
Statystyki odpowiedzi
Zagadnienie Odpowiedź % Poprawnych
W którym roku Polska odzyskała niepodległość 1918
80%
Niderlandy to Holandia
80%
Jakie państwa wykonywały rozbiory Polski Rosja, Prusy i Cesarstwo Austriackie
80%
W którym roku powstał Timor Wschodni 2002
60%
Jakie państwo z tych nigdy nie było komunistyczne Turcja
60%
Która flaga była flagą Niemiec w 1920
40%
W którym roku powstało Kosowo 2008
40%
W którym roku powstał Sudan Południowy 2011
40%
Jakie państwo ma największą powierzchnię Oman
40%
Jaką powierzchnię ma Rosja 17 098 242
20%
Jaką powierzchnię ma Turcja 783 562
20%
Jaką powierzchnię ma Pakistan 796 095
20%
Które państwo to Togo?
0%
Jakie państwo ma najbardziej zbliżoną powierzchnie do Polski Oman
0%
Najmniejsze państwo Sealand
0%
Nie znaleziono quizów pasujących do podanych kryteriów
Rozkład punktacji
Procent ludzi z każdym wynikiem
Percentyl według liczby udzielonych odpowiedzi
Twoja historia wyników
Nie rozwiązałeś tego quizu